000 00547nam a22002057a 4500
003 OSt
005 20260218020003.0
008 160829b xxu||||| |||| 00| 0 eng d
020 _a9780853698395
040 _cDMNL
082 _aQV18 P494l 2009
100 _aEdited by Lilian, M. Azzopardi
_910925
245 _aMCQs in Pharmacy Practice
250 _a2nd ed.
260 _aLondon; Pharmaceutical Press, 2009
300 _axlii,417p; ill: 24cm
504 _aAppendice & indice included
650 _aPharmacy
_910926
942 _2z
_cB_BANK
_01
999 _c5096
_d5096